[Event "Lloyds Bank Masters 07th"]
[Site "London"]
[Date "1983.09.01"]
[Round "9"]
[White "Quinteros, Miguel"]
[Black "Conquest, Stuart"]
[Result "1-0"]
[WhiteElo "2500"]
[BlackElo "2255"]
[PlyCount "47"]
[EventDate "1983.08.24"]
[EventType "swiss"]
[EventRounds "9"]
[EventCountry "ENG"]
[SourceTitle "Britbase"]

1. d4 Nf6 2. c4 c5 3. d5 b5 4. cxb5 a6 5. e3 g6 6. Nc3 Bg7 7. a4 O-O 8. Nf3 Bb7
9. Ra3 e6 10. dxe6 fxe6 11. Qd6 Qc8 12. Be2 Ne8 13. Qg3 d5 14. O-O a5 15. Qh3
Bf6 16. e4 d4 17. Bc4 Ng7 18. e5 Be7 19. Ne2 Bxf3 20. Rxf3 Rxf3 21. gxf3 Qf8
22. Bxe6+ Nxe6 23. Qxe6+ Kg7 24. Nf4 1-0

[Event "Lloyds Bank Masters 07th"]
[Site "London"]
[Date "1983.09.01"]
[Round "9"]
[White "Rogers, Ian"]
[Black "Penzias, Mordechai"]
[Result "1-0"]
[WhiteElo "2450"]
[BlackElo "2220"]
[PlyCount "123"]
[EventDate "1983.08.24"]
[EventType "swiss"]
[EventRounds "9"]
[EventCountry "ENG"]
[SourceTitle "BritBase"]
[Source "John Saunders"]
[SourceDate "2022.12.30"]
[SourceVersion "1"]
[SourceVersionDate "2022.12.30"]
[SourceQuality "1"]

1. d4 d5 2. c4 e6 3. Nf3 Nf6 4. g3 Be7 5. Bg2 O-O 6. O-O dxc4 7. Ne5 c5 8. dxc5
Qc7 9. Nxc4 Qxc5 10. b3 Rd8 11. Qc2 Nc6 12. Ba3 Nb4 13. Bxb4 Qxb4 14. Nc3 Nd5
15. Nxd5 exd5 16. Ne3 Be6 17. Qd3 d4 18. Nc4 Rac8 19. Rac1 Bf6 20. a3 Qe7 21.
b4 b6 22. b5 Rc5 23. a4 Bf5 24. Qd2 Qe6 25. Nb2 Rc3 26. Rfd1 h6 27. Nd3 Bxd3
28. exd3 Qb3 29. h4 Rdc8 30. Bc6 Qxa4 31. Qf4 R8xc6 32. bxc6 Qxc6 33. Rb1 Qc7
34. Qe4 g6 35. Re1 Kg7 36. h5 gxh5 37. Qf3 Rc5 38. Re4 Rc1+ 39. Rxc1 Qxc1+ 40.
Kg2 Qg5 41. Rf4 Qg6 42. Rf5 a5 43. Rxh5 Bg5 44. Rh1 Be7 45. Re1 Bc5 46. Re4 h5
47. Rh4 a4 48. Rxh5 Be7 49. Rh1 a3 50. Qa8 Bf8 51. Qd5 Qxd3 52. Qg5+ Qg6 53.
Qe5+ f6 54. Qxd4 Bc5 55. Qd7+ Kg8 56. Qd5+ Kg7 57. Rh4 f5 58. Qe5+ Kf7 59. Rf4
a2 60. Rxf5+ Kg8 61. Rg5 Qxg5 62. Qxg5+ {Source: Ian Rogers via Paul Summers 
(Australian Chess Games - https://sites.google.com/view/australianchess/home)}
1-0

[Event "Lloyds Bank Masters 07th"]
[Site "London"]
[Date "1983.09.01"]
[Round "9"]
[White "Tarjan, James E"]
[Black "Thipsay, Praveen Mahadeo"]
[Result "1-0"]
[WhiteElo "2535"]
[BlackElo "2425"]
[PlyCount "83"]
[EventDate "1983.08.24"]
[EventType "swiss"]
[EventRounds "9"]
[EventCountry "ENG"]
[SourceTitle "Britbase"]

1. d4 Nf6 2. c4 g6 3. Nc3 Bg7 4. e4 O-O 5. Be3 d6 6. f3 e5 7. d5 c6 8. Qd2 cxd5
9. cxd5 Nh5 10. Bd3 f5 11. exf5 gxf5 12. Nge2 Nd7 13. O-O-O Nc5 14. Bc2 b5 15.
Bh6 b4 16. Na4 Nxa4 17. Bxa4 Bxh6 18. Qxh6 Ng7 19. Bc6 Rb8 20. f4 Ba6 21. Rhe1
Rf6 22. Qh4 Qf8 23. Qf2 Qf7 24. Qe3 e4 25. Nd4 Bc4 26. Nb3 Bd3 27. g3 Rh6 28.
Rd2 Rc8 29. Qd4 Ne8 30. Rg2 Nf6 31. Kd2 Ng4 32. Rh1 Qg7 33. Qxg7+ Kxg7 34. Nd4
Kg6 35. Nxf5 Rxc6 36. Ne7+ Kf7 37. Nxc6 Bc4 38. Nxb4 Rh5 39. h3 Nf6 40. g4 Rh4
41. Ke3 a5 42. Kd4 1-0